LEADER 00860nam a2200229 i 4500 001 000000161920 003 CaOOAMICUS 005 20070601000000.0 008 070601s1965 it u000 u ita u 013 $a139284 040 $aSeMil$bita 100 1 $aBeckett, Samuel <1906-1989>.$0(OLS)http://semarc/name/27343 240 10$aComment c'est.$0(OLS)http://semarc/title/145315 245 10$aCome è /$cSamuel Beckett. 260 $aTorino :$bGiulio Einaudi,$ccopyr. 1965. 300 $a158 p. ;$c18 cm. 490 0 $aLa ricerca letteraria ;$v3 830 3$aLa ricerca letteraria ;$v3.$0(OLS)http://semarc/title/16994 850 $aSeMil 852 $aSeMil$W1$xVenegono$y1$m1W I 602$j244021$B113297$CSeMilBibl$Z2$F123940 $81 996 $6245$aCome è$9(OLS)http://semarc/title/145314 996 $6260$aTorino :$bGiulio Einaudi$9(OLS)http://semarc/publisher/29810 LEADER 01227nam a2200301 i 4500 001 000000107975 003 CaOOAMICUS 005 20030512000000.0 008 030512s1999 it u000 u ita u 013 $a80532 020 $a88-04-43780-4 040 $aSeMil$bita 100 1 $aBaldacci, Massimo <1951->.$0(OLS)http://semarc/name/30143 245 13$aIl diluvio :$bmito e realtà del più grande cataclisma di tutti i tempi /$cMassimo Baldacci. 260 $aMilano :$bMondadori,$c1999. 300 $a233 p. ;$c23 cm. 490 0 $aSaggi 500 $aContiene : [5] Appendici. - Fondo Card. C.M. Martini. 650 4$aBibbia - Diluvio.$0(OLS)http://semarc/subject/18997 650 4$aDiluvio.$0(OLS)http://semarc/subject/22330 830 0$aSaggi.$0(OLS)http://semarc/title/341 850 $aSeMil 852 $aSeMil$W1$xVenegono$y1$m2W IV 140$j64071$B64071$CSeMilBibl$Z2$F104657 $81 941 1 $a4 961 $aOmaggio: Martini Card. Carlo Maria 996 $6020$a88-04-43780-4$9(OLS)http://semarc/number/88908 996 $6245$aIl diluvio :$bmito e realtà del più grande cataclisma di tutti i tempi$9(OLS)http://semarc/title/156578 996 $6260$aMilano :$bMondadori$9(OLS)http://semarc/publisher/30335